书目信息 |
| 题名: |
高效液相色谱方法及应用
|
|
| 作者: | 于世林 编著 | |
| 分册: | ||
| 出版信息: | 北京 化学工业出版社 2000.01 |
|
| 页数: | 339页 | |
| 开本: | 32开 | |
| 丛书名: | ||
| 单 册: | ||
| 中图分类: | O657.7 | |
| 科图分类: | ||
| 主题词: | 分析化学 , 分析(化学) | |
| 电子资源: | ||
| ISBN: | 7-5025-2724-9 | |
| 000 | 00603nam0 2200205 45 | |
| 001 | 0010081121 | |
| 005 | 20001008115630.7 | |
| 010 | @a7-5025-2724-9@d23.00元 | |
| 100 | @a20001008d2000 km y0chiy0120 ea | |
| 101 | 0 | @achi |
| 105 | @a z 000yy | |
| 200 | 1 | @a高效液相色谱方法及应用@AGao Xiao Ye Xiang Se Pu Fang Fa Ji Ying Yong@f于世林编著@FYu Shi Lin Bian Zhu |
| 210 | @a北京@c化学工业出版社@d2000.01 | |
| 215 | @a339页@d32开 | |
| 606 | 0 | @a分析化学 |
| 606 | 0 | @a分析(化学) |
| 690 | @aO657.7@v3 | |
| 701 | 0 | @a于世林@4编著 |
| 801 | @aCN@bPftUser@c20001008 | |
| 905 | @b172451-453@dO657.7@eY461@f3 | |
| 高效液相色谱方法及应用/于世林编著.-北京:化学工业出版社,2000.01 |
| 339页;32开 |
| ISBN 7-5025-2724-9:23.00元 |
| ● |
| 相关链接 |
|
|
|
正题名:高效液相色谱方法及应用
索取号:O657.7/Y461
 
预约/预借
| 序号 | 登录号 | 条形码 | 馆藏地/架位号 | 状态 | 备注 |
| 1 | 172451 | 201724517 | 自科库401/401自科库 66排2列1层/ [索取号:O657.7/Y461] | 在馆 | |
| 2 | 172452 | 201724526 | 自科库401/401自科库 66排2列1层/ [索取号:O657.7/Y461] | 在馆 | |
| 3 | 172453 | 201724535 | 自科库401/401自科库 66排2列1层/ [索取号:O657.7/Y461] | 在馆 |